000 00738nam a2200205Ia 4500
003 SISC
005 20190710092759.0
008 190710s9999 xx 000 0 und d
020 _a9781508715308
050 _aLB 1029.P67
_b.G67 2018
100 _aGordon, Sherri Mabry
245 _cSherri Mabry Gordon
_aHow to create digital portfolios to develop communication skills/
260 _aNew York:
_bRosen Publishing, Inc.
_c2018
300 _a64 p. ;
_bcol. ill. :
_c230 cm.
440 _aProject Learning Using Digital Portfolios
500 _aIncludes bibliographical references and index
650 _aDigital media -- juvenile literature
650 _aElectronic portfolios in education -- juvenile literature
942 _2lcc
_cBK
999 _c361947
_d361947